02795nam a2200361 u 4500001000800000005001700008007001000025008004100035035001200076040001300088041000800101082000800109100004300117245004400160260005400204300001300258520157300271541008401844650003701928650004401965650004402009650003002053650004002083700004802123700003602171700004002207700004802247700004202295700004502337700003402382502001002416526000702426123670820260508070642.0co|||||||110328s2011 mul  a1236708 ccomduadb amul 4a39410aCruz Casallas, Marlon Andres4auteaut10aMemorias de la danza folclorica cuyabra aMedellín :b[sin publicador],c2011 ;aArmenia. a1 CD-ROM3 aAl tratar de imaginar como surgió e inicio el proceso dancístico-escénico en el municipio de Armenia, una localidad tan joven en el contexto nacional, debemos dirigirnos a una serie de personajes, relatos y hechos, que suscitan y convalidan toda una amalgama de información que sistematizadamente fue concatenada, buscando promulgar unas ideas y postulados claros que nos referencien, el devenir de todo el proceso dancístico ¿ escénico que tuvo la expresiones de la danza tradicional en la ciudad de Armenia Quindío. Así se revelara historicidades y personajes dancísticos, que afianzaran una idea clara que permita a todos los habitantes, poder identificarse plenamente con la naturaleza de sus principales características dancísticas; y de este modo poder legitimar y apropiarse de ellas, a fin de conocerlas y respetarlas. Al trascender las paredes de la academia, se nos impulsa a crear y suscitar mecanismos, que encaminen una ayuda para el desarrollo y la dignificación del patrimonio cultural de nuestras regiones; en este caso la danza. Es por esto que a lo largo de nuestro historial como maestros-bailarines, vemos la necesidad de sistematizar esta idea, a fin de que en un futuro las nuevas generaciones y los visitantes de nuestra ciudad (Armenia ¿ Quindío), puedan conocer y tener a su alcance, un material que les permita relacionar el desarrollo cultural, artístico y dancístico de la Armenia que actualmente vive, y de la Armenia que cotidianamente busca ser dignificada, en su quehacer dancístico a nivel nacional. aProyecto de Profesionalización en Artes Colombia Creativa, Armenia - Quindio. aDanzas folclóricas colombianas aArmenia (Quindio) - Desarrollo cultural aIdentidad cultural - Quindio (Colombia) 7aMemoria colectiva2armarc 7aDanzas populares y nacionales2lemb10aSolano Gutierrez, Diego Alexander4auteaut10aChilito Navia, Dulfay4auteaut10aRincon de la Pava, Norbey4auteaut10aVillegas Hincapié, Lina María4thseths10aViana Cisneros, Luis Felipe4thseths10aParra Díaz, Aníbal Ignacio4thseths10aTamayo, Ana María4thseths b32c7 a32